000 00593nam a2200205 a 4500
001 BRCA_5964
005 20190320205259.0
008 250311s1912----gw-#######---#000-0#ger-#
041 _ager
044 _agw
050 4 _aN8080
_b.L54 1912
100 1 _aLiefmann, M.
_915067
245 1 0 _aKunst und heilige
_bein ikonographisches handbuch zur erklärung der werke der italienischen und deutschen kunst
_cM. Liefmann.
260 _aJena
_bE. Diederichs
_c1912
300 _a319 p.
_c21 cm.
500 _aG86
650 1 4 _aArte y simbolismo cristiano
_99209
902 _aGFM
942 _2lcc
_cB
999 _c5653
_d5653